00687nam a2200241 a 4500001001300000003000900013005001700022008004100039020001000080082001600090100002500106245001900131260003200150300000900182500003500191505002800226650002000254700002500274902000800299942000700307952011600314999001500430nice12345678IN_TiNIC20260116011600.0050524s0000 teha grp 000 0 eng  ac10000a297.2bKAM1 aKamal Ud-Din, Khawja aStudy of Islam aTehranbNo Publisher c0000 a112p aincludes index and biblioraphy2 aacc no 1649 is archives aIslam-Doctrines1 aKamal Ud-Din, Khawja bSRS cBK 001040708StackRoom-aHMIbHMId2007-07-05g100.00l0o297.2 KAM1p01509r2007-07-05v100.00w2005-05-24yBK c2733d2733